[Event "DEN-ch Seniors"]
[Site "Aalborg"]
[Date "2023.02.19"]
[Round "1"]
[White "Christensen, Claus"]
[Black "Ortoft, Kai"]
[Result "0-1"]
[WhiteElo "1536"]
[BlackElo "1923"]
[PlyCount "84"]
[EventDate "2023.02.19"]
[EventType "swiss"]
[EventRounds "7"]
[EventCountry "DEN"]
[SourceTitle "CBM 213 Extra"]
[Source "ChessBase"]
[SourceDate "2023.05.31"]
[SourceVersion "1"]
[SourceVersionDate "2023.05.31"]
[SourceQuality "1"]

1. e4 d6 2. Nf3 Nf6 3. Nc3 c6 4. e5 dxe5 5. Nxe5 Nbd7 6. Nxd7 Bxd7 7. Be2 e5 8. d3 h6 9. 0-0 Bd6 10. a3 0-0 11. Bf3 Qc7 12. h3 Rad8 13. Be3 b6 14. Qc1 Rfe8 15. b4 Bf8 16. Re1 Bc8 17. Qb2 Nd5 18. Bd2 Bb7 19. Rad1 c5 20. Nxd5 Bxd5 21. Bxd5 Rxd5 22. Qb3 Rdd8 23. Bc3 Rc8 24. Rc1 Bd6 25. b5 Qd7 26. a4 Re6 27. Qd5 Qe7 28. Re2 Bb8 29. Rce1 Rd8 30. Qb3 Re8 31. Qd5 Qg5 32. Re3 R6e7 33. Rg3 Qf6 34. Qe4 Qe6 35. Qe3 f5 36. f4 e4 37. dxe4 fxe4 38. Ba1 Rd8 39. Rg4 Qf5 40. Qc3 Rdd7 41. g3 Qd5 42. Rg6 Qd2 0-1

[Event "DEN-ch Seniors"]
[Site "Aalborg"]
[Date "2023.02.19"]
[Round "7"]
[White "Gregor, Jan"]
[Black "Ortoft, Kai"]
[Result "0-1"]
[WhiteElo "1687"]
[BlackElo "1923"]
[PlyCount "34"]
[EventDate "2023.02.19"]
[EventType "swiss"]
[EventRounds "7"]
[EventCountry "DEN"]
[SourceTitle "CBM 213 Extra"]
[Source "ChessBase"]
[SourceDate "2023.05.31"]
[SourceVersion "1"]
[SourceVersionDate "2023.05.31"]
[SourceQuality "1"]

1. e4 d6 2. d4 Nf6 3. Nc3 c6 4. Bd3 e5 5. Nge2 Qc7 6. 0-0 Be7 7. d5 a6 8. Ng3 0-0 9. Be3 Ng4 10. Qd2 Nxe3 11. Qxe3 Re8 12. f4 exf4 13. Qxf4 Bf6 14. Nh5 Be5 15. Qxf7+ Qxf7 16. Rxf7 Kxf7 17. Rf1+ Kg8 0-1

[Event "DEN-ch Seniors"]
[Site "Aalborg"]
[Date "2023.02.19"]
[Round "6"]
[White "Ortoft, Kai"]
[Black "Poulsen, Knud"]
[Result "0-1"]
[WhiteElo "1923"]
[BlackElo "1699"]
[PlyCount "110"]
[EventDate "2023.02.19"]
[EventType "swiss"]
[EventRounds "7"]
[EventCountry "DEN"]
[SourceTitle "CBM 213 Extra"]
[Source "ChessBase"]
[SourceDate "2023.05.31"]
[SourceVersion "1"]
[SourceVersionDate "2023.05.31"]
[SourceQuality "1"]

1. d4 d5 2. Nf3 Nf6 3. c4 e6 4. g3 c6 5. Bg2 dxc4 6. Ne5 Bb4+ 7. Nc3 Bxc3+ 8. bxc3 Qa5 9. Bd2 Qa6 10. a4 Nbd7 11. Nxd7 Bxd7 12. e4 0-0 13. 0-0 b6 14. Bg5 Qa5 15. Qd2 h6 16. Bxf6 gxf6 17. Qxh6 Qg5 18. Qxg5+ fxg5 19. e5 f5 20. exf6 Rxf6 21. Rfe1 Raf8 22. Ra2 Kg7 23. Re3 Rh6 24. Re5 Rf5 25. Bf1 Kf6 26. Rxf5+ exf5 27. Bxc4 Be6 28. Bxe6 Kxe6 29. Re2+ Kd5 30. Re5+ Kc4 31. Rxf5 Kxc3 32. Rxg5 Kxd4 33. h4 c5 34. Kf1 Re6 35. h5 c4 36. Rg6 Re8 37. Rd6+ Kc3 38. Rc6 Kb3 39. g4 c3 40. g5 Re5 41. f4 Rc5 42. Re6 c2 43. Re1 Rf5 44. Kg2 Rxf4 45. Kg3 Rd4 46. Rc1 Rd1 47. Rxc2 Kxc2 48. h6 Rh1 49. Kf4 Kd3 50. Kf5 Rf1+ 51. Kg6 Ke4 52. h7 Rh1 53. Kg7 Kf5 54. g6 Kg5 55. Kf7 Rh6 0-1

[Event "Prague op-A 19th"]
[Site "Prague"]
[Date "2020.01.11"]
[Round "3"]
[White "Ortoft, Kai"]
[Black "Novosadova, Kristyna"]
[Result "1/2-1/2"]
[WhiteElo "1963"]
[BlackElo "2200"]
[PlyCount "60"]
[EventDate "2020.01.10"]
[EventType "swiss"]
[EventRounds "9"]
[EventCountry "CZE"]
[SourceTitle "CBM 195 Extra"]
[Source "ChessBase"]
[SourceDate "2020.05.31"]
[SourceVersion "1"]
[SourceVersionDate "2020.05.31"]
[SourceQuality "1"]

1. d4 Nf6 2. Nf3 g6 3. Bf4 d5 4. e3 c5 5. c3 Qb6 6. Qb3 Nbd7 7. h3 c4 8. Qc2 Ne4 9. Be2 Ndf6 10. Nbd2 Nxd2 11. Nxd2 Bf5 12. Qc1 Bg7 13. 0-0 h6 14. Be5 Rc8 15. Re1 0-0 16. Bf3 Ne4 17. Bxg7 Kxg7 18. Bxe4 Bxe4 19. Nxe4 dxe4 20. Qc2 f5 21. Rf1 e5 22. Rad1 exd4 23. Rxd4 Rf7 24. Rfd1 Qf6 25. Qd2 a6 26. Rd6 Qe5 27. Qd4 Qxd4 28. R1xd4 Rcf8 29. g4 Rf6 30. Rxf6 Rxf6 1/2-1/2

[Event "Aalborg Larsen Memorial"]
[Site "Aalborg"]
[Date "2018.10.16"]
[Round "4"]
[White "Ortoft, Kai"]
[Black "Hvenekilde, Jorgen"]
[Result "1/2-1/2"]
[WhiteElo "1957"]
[BlackElo "2034"]
[PlyCount "26"]
[EventDate "2018.10.13"]
[EventType "swiss"]
[EventRounds "7"]
[EventCountry "DEN"]
[SourceTitle "CBM 186 Extra"]
[Source "ChessBase"]
[SourceDate "2018.08.24"]
[SourceVersion "1"]
[SourceVersionDate "2018.08.24"]
[SourceQuality "1"]

1. d4 d6 2. c4 e5 3. dxe5 dxe5 4. Qxd8+ Kxd8 5. Nf3 f6 6. e3 c6 7. Be2 Be6 8. 0-0 Nd7 9. Bd2 a5 10. Nc3 Nh6 11. Rfd1 Nf7 12. Be1 Kc7 13. Na4 Nc5 1/2-1/2

[Event "Aalborg Larsen Memorial"]
[Site "Aalborg"]
[Date "2016.10.15"]
[Round "1"]
[White "Ortoft, Kai"]
[Black "Okhotnik, Vladimir"]
[Result "0-1"]
[WhiteElo "1989"]
[BlackElo "2427"]
[PlyCount "67"]
[EventDate "2016.10.15"]
[EventType "swiss"]
[EventRounds "7"]
[EventCountry "DEN"]
[SourceTitle "CBM 175 Extra"]
[Source "ChessBase"]
[SourceDate "2016.12.12"]
[SourceVersion "1"]
[SourceVersionDate "2016.12.12"]
[SourceQuality "1"]

1. Nf3 g6 2. g3 Bg7 3. d4 c5 4. c4 cxd4 5. Nxd4 Nc6 6. Nc2 d6 7. Bg2 Be6 8. Ne3 Qd7 9. Nd5 Rc8 10. Nd2 Bh3 11. 0-0 Bxg2 12. Kxg2 Nf6 13. Nxf6+ Bxf6 14. Ne4 Bg7 15. Rb1 h5 16. h4 Nb4 17. Qb3 Qc6 18. f3 Qxc4 19. Qxc4 Rxc4 20. a3 Nc6 21. Bd2 Rc2 22. Rfc1 Rxc1 23. Bxc1 Kd7 24. Bd2 Rc8 25. Bc3 Bxc3 26. Nxc3 Ne5 27. Kf2 Nc4 28. a4 b6 29. Nb5 a6 30. Nc3 e6 31. Ke1 d5 32. Nd1 Nd6 33. Kd2 Nf5 34. Ke1 0-1